Drapeaux tachés #1 - Statistiques

Statistiques générales
  • Ce quiz a été pris 101 fois
  • Le résultat moyen est 15 sur 16
Statistiques - réponses
Par images Réponse % Correct
Allemagne
99%
Brésil
99%
Espagne
99%
Japon
99%
Chine
98%
États-Unis
98%
Portugal
98%
Russie
98%
Mexique
97%
Ukraine
97%
Pologne
96%
Biélorussie
83%
Bhoutan
81%
Sri Lanka
81%
Ouganda
73%
Mozambique
62%
Aucun quiz correspondant
Distribution des résultats
% des personnes avec chaque résultat
Percentile par nombre de réponses
Votre historique - résultats
Vous n’avez pas pris ce quiz